| 000 | 00640nam a2200193 i 4500 | ||
|---|---|---|---|
| 001 | 27876 | ||
| 003 | ES-MaACL | ||
| 005 | 20250717063021.0 | ||
| 007 | t| | ||
| 008 | 030115s1940 sp ||||1| spa d | ||
| 100 | 1 |
_aAznar Zubigaray, Manuel, _d1894-1975 _924321 |
|
| 245 | 1 | 0 |
_aPolítica de Inglaterra y España _b: (6 artículos) / _cManuel Aznar. |
| 260 |
_a[Madrid : _bs.n., _c1940] ( _fSucesores de Rivadeneyra) |
||
| 300 |
_a44 p. ; _c25 cm. |
||
| 651 | 4 |
_aEspaña- _xRelaciones- _zGran Bretaña. _9143992 |
|
| 651 | 4 |
_aGran Bretaña- _xRelaciones- _zEspaña. _9143993 |
|
| 852 |
_aES-MaACL _j1699-F-2 |
||
| 999 |
_c27876 _d27876 |
||